Statistiques concernant Classement FIFA: Top 10 par Confédérations

Cliquez ici pour prendre le quiz!

Statistiques générales

  • Ce quiz a été pris 457 fois
    (191 depuis la dernière actualisation)
  • Le résultat moyen est 45 sur 60

Statistiques - réponses

Réponse% Correct
Argentine
99%
Brésil
99%
France
99%
Espagne
98%
Uruguay
98%
Italie
97%
Angleterre
96%
Belgique
96%
Maroc
96%
Algérie
95%
Allemagne
95%
Australie
95%
Etats-Unis
95%
Japon
94%
Portugal
94%
Corée du Sud
93%
Mexique
93%
Sénégal
93%
Chili
92%
Colombie
92%
Canada
91%
Egypte
90%
Nouvelle-Zélande
90%
Pays-Bas
89%
Côte d'Ivoire
87%
Suisse
87%
Tunisie
87%
Paraguay
86%
Pérou
86%
Bolivie
85%
Cameroun
85%
Croatie
84%
Afrique du Sud
83%
Equateur
82%
Venezuela
82%
Arabie Saoudite
81%
Costa Rica
81%
Qatar
78%
Nigeria
77%
Panama
77%
Iran
75%
Honduras
74%
Irak
67%
Jamaïque
67%
Mali
67%
Fidji
63%
Salvador
55%
Haïti
54%
Samoa
54%
Samoa Américaines
54%
Jordanie
52%
Emirats Arabes Unis
44%
Papouasie-Nouvelle-Guinée
42%
Vanuatu
38%
Iles Salomon
35%
Nouvelle-Calédonie
27%
Ouzbékistan
26%
Tahiti
23%
Iles Cook
11%
Curaçao
8%

Distribution des résultats

Percentile par nombre de réponses

% des personnes avec chaque résultat

Votre développement - résultats

Vous n’avez pas pris ce quiz depuis la dernière actualisation